00640nam a2200205 a 4500008004100000020001500041050001700056100003400073245001300107246004000120260005500160300002200215350000900237500007100246650001500317650002300332650003700355700001900392700002300411120416s1989 ||||||||||||||||| || u a0538800976 aHD 30.28 New aNewman, William Herman, 1909-10aStrategy aa multi-level, integrative approach aCincinnati, Ohio :bSouth-Western Publishingc1989 axiv, 914p. : ill. a0.00 aIncludes index. -Bibliography: p. 897-904. 39 copies in SB LIBRARY 0aMANAGEMENT 0aSTRATEGIC PLANNING aSTRATEGIC PLANNING--CASE STUDIES aLogan, James P aHegarty, W. Harvey